On This Day: July 18th II Quiz Stats

 Plays Quiz Updated Jul 18, 2018

Score 0/7 Timer 03:00
0 Plays Today
Question Answer Wrong Answers
‘Kiss From a Rose’ by this English singer-songwriter is released, eventually winning Grammy Awards for Record of the Year, Song of the Year, and Best Male Pop Vocal Performance.
1994
Seal
80.5%
Morrissey
4%
Sting
11.1%
Robbie Williams
3.4%
This lawyer, politician, and Nobel Prize laureate, the first President of South Africa, is born.
1918
Nelson Mandela
80.2%
F. W. de Klerk
11.2%
Desmond Tutu
6.6%
Jacob Zuma
1.9%
This baseball player, nicknamed ‘The Georgia Peach’, scores his 4,000th career hit.
1927
Ty Cobb
73.4%
Ted Williams
9%
Babe Ruth
12.2%
Honus Wagner
4.8%
PayPal officially spins off from ______, becoming a separate publicly traded company on the NASDAQ.
2015
eBay
69.5%
Google
9.2%
Amazon
12.3%
Yahoo!
7.4%
‘Dreams from My Father’, a popular memoir written by this former US President, is published.
1995
Barack Obama
58.7%
George W. Bush
24.7%
Bill Clinton
5.4%
Ronald Reagan
9.9%
General Francisco Franco issues a manifesto which leads to a right-wing military uprising in Spanish ______, eventually spreading to mainland Spain.
1936
Morocco
40%
Gibraltar
35.5%
Netherlands
2.2%
Antilles
21.5%
The coronation of Emperor Pedro II takes place. He will reign over 58 years as the second and last ruler of the Empire of ______.
1841
Brazil
37.1%
Portugal
24.2%
Spain
25.2%
Argentina
13.4%

You're not logged in!

Compare scores with friends on all Sporcle quizzes.
OR
Log In

Sporcle TV

Today on Sporcle TV


Watch our educational content, quiz creation guides, and fun videos on Sporcle TV.

Show Comments

Extras

Top Quizzes Today


Score Distribution

Your Account Isn't Verified!

In order to create a playlist on Sporcle, you need to verify the email address you used during registration. Go to your Sporcle Settings to finish the process.

Report this User

Report this user for behavior that violates our Community Guidelines.

Details: